National Bank of Greece : report for the year 1966

Saved in:
Bibliographic Details
Corporate Author: Εθνική Τράπεζα της Ελλάδος
Format: Book
Language:English
Published: Athens : National Bank of Greece, 1967
Subjects:
Tags: Add Tag
No Tags, Be the first to tag this record!

MARC

LEADER 00000nam a2200000 i 4500
001 1/103373
008 950515s eng d
035 |l 10012861 
040 |a GR-MY-UA  |b gre  |e aacr 
041 0 |a eng 
082 0 |a 332.109495 
110 2 |a Εθνική Τράπεζα της Ελλάδος. 
245 1 0 |a National Bank of Greece :  |b report for the year 1966 /  |c National Bank of Greece 
260 |a Athens :   |b National Bank of Greece,   |c 1967 
300 |a 54 p. 
610 2 0 |a Εθνική Τράπεζα της Ελλάδος. 
650 0 0 |a Banks and banking  |z Greece. 
650 0 0 |a Finance  |z Greece. 
852 |a INST  |b LESVOS  |e 19950515  |h 332.109495 ΕΘΝ  |p 005100000828  |q 005100000828  |t BK  |y 0 
909 |a Λ  |b 015425